Nemzetiségi konfliktusok Közép-Kelet-Európában

Elmentve itt :
Bibliográfiai részletek
Szerző: DARSKI Józef
Adatforrás:Meister
Forrásdokumentuma:Korunk. -
4 sz., 1991, 497-504 p.
Nyelv:magyar
Kulcsszavak:politológia
politikatörténet
politikai intézmények
etnikai konfliktusok
kisebbségi kérdés
Kelet-Európa
LEADER 00518nab a2200181 i 4500
001 bibPRO00000767
008 060524s1991 xx hun
040 |a Sz1 
041 |a hun 
100 1 |a DARSKI Józef 
245 1 0 |a Nemzetiségi konfliktusok Közép-Kelet-Európában  |c DARSKI Józef 
695 |a politológia 
695 |a politikatörténet 
695 |a politikai intézmények 
695 |a etnikai konfliktusok 
695 |a kisebbségi kérdés 
695 |a Kelet-Európa 
773 0 |t Korunk. -  |g 4 sz., 1991, 497-504 p.